The Journal of Asian Studies: Volume-XLIII, No.-03, May 1984 / (Record no. 32354)
[ view plain ]
| 000 -LEADER | |
|---|---|
| fixed length control field | 00689nam a22002057a 4500 |
| 003 - CONTROL NUMBER IDENTIFIER | |
| control field | BDDh-ASL |
| 005 - DATE AND TIME OF LATEST TRANSACTION | |
| control field | 20231015031359.0 |
| 008 - FIXED-LENGTH DATA ELEMENTS--GENERAL INFORMATION | |
| fixed length control field | 211207s1984 enk||||| |||| 00| 0 eng d |
| 040 ## - CATALOGING SOURCE | |
| Transcribing agency | BDDh-ASL |
| 082 ## - DEWEY DECIMAL CLASSIFICATION NUMBER | |
| Classification number | 950.21 |
| Item number | JOU |
| 245 00 - TITLE STATEMENT | |
| Title | The Journal of Asian Studies: Volume-XLIII, No.-03, May 1984 / |
| 260 ## - PUBLICATION, DISTRIBUTION, ETC. | |
| Place of publication, distribution, etc. | USA: |
| Name of publisher, distributor, etc. | The Association for Asian Studies, INC., |
| Date of publication, distribution, etc. | 1984. |
| 300 ## - PHYSICAL DESCRIPTION | |
| Extent | 503-619 Page, : |
| Dimensions | 26 cm. |
| 490 ## - SERIES STATEMENT | |
| Series statement | The Journal of Asian Studies |
| Volume/sequential designation | V-43, No.-03. |
| 504 ## - BIBLIOGRAPHY, ETC. NOTE | |
| Bibliography, etc. note | Include Bibliographical References |
| 650 #0 - SUBJECT ADDED ENTRY--TOPICAL TERM | |
| 9 (RLIN) | 1349 |
| Topical term or geographic name entry element | History |
| Form subdivision | Periodicals. |
| 650 #0 - SUBJECT ADDED ENTRY--TOPICAL TERM | |
| 9 (RLIN) | 3476 |
| Topical term or geographic name entry element | Asian Studies |
| Form subdivision | Periodicals. |
| 710 1# - ADDED ENTRY--CORPORATE NAME | |
| 9 (RLIN) | 6054 |
| Corporate name or jurisdiction name as entry element | The Association for Asian Studies |
| 942 ## - ADDED ENTRY ELEMENTS (KOHA) | |
| Source of classification or shelving scheme | Dewey Decimal Classification |
| Koha item type | Continuing Resources |
| Withdrawn status | Lost status | Source of classification or shelving scheme | Damaged status | Not for loan | Collection code | Home library | Current library | Shelving location | Date acquired | Source of acquisition | Serial Enumeration / chronology | Total Checkouts | Full call number | Barcode | Date last seen | Price effective from | Koha item type | Public note |
|---|---|---|---|---|---|---|---|---|---|---|---|---|---|---|---|---|---|---|
| Dewey Decimal Classification | Non-fiction | Asiatic Society Library | Asiatic Society Library | General Stacks | 05/08/2023 | Donated by Prof. David Ludden | V-43,N-3 | 950.21 JOU | 121189 | 05/08/2023 | 05/08/2023 | Continuing Resources | Y-1984 |